Stati per esportazioni di Grano - Statistics

Statistiche generali
  • Questo quiz è stato fatto 7 volte
  • Il punteggio medio è 8 su 9
Statistiche sulle risposte
Esportazioni (Tonnellate) Continente Nazione % Corretto
25 563 035 Oceania Australia
100%
22 326 591 America del Nord Canada
100%
7 100 100 Europa Germania
100%
6 090 607 Asia India
100%
14 584 150 Asia / Europa Russia
100%
28 459 120 America del Nord Stati Uniti
100%
9 485 175 America del Sud Argentina
86%
16 090 548 Europa Francia
86%
6 907 743 Europa Romania
57%
Nessun quiz corrispondente trovato
Distribuzione punteggi
Percentuale di utenti per punteggio
Percentile per numero di risposta
I tuoi punteggi nel tempo
Non hai fatto questo quiz